=LDR 00000nam 2200000 4500 =001 INLIS000000000039674 =005 20130612145304 =008 ***********************************ind** =035 ##$$0010-061300000039674 =041 ##$$a ind =082 ##$$a 650.1 =090 ##$$a 650.1, Kho c =100 ##$$a KHOIRI, Hoyyima =245 ##$$a Cepat kaya dengan teknik franchise (Waralaba) yang cerdas dan efektif, Hayyima khoiri;Editor, Atha =260 ##$$a [20?...] $b Jogjakarta =300 ##$$a 205 Hlm, Ilus, 22 cm =650 ##$$a BISNIS =700 ##$$a ATHA =850 ##$$a NBPNMAT